<?xml version="1.0" encoding="UTF-8"?>
<record
    xmlns:xsi="http://www.w3.org/2001/XMLSchema-instance"
    xsi:schemaLocation="http://www.loc.gov/MARC21/slim http://www.loc.gov/standards/marcxml/schema/MARC21slim.xsd"
    xmlns="http://www.loc.gov/MARC21/slim">

  <leader>02335aab a2200505 a 4500</leader>
  <controlfield tag="003">AR-RoUNA</controlfield>
  <controlfield tag="008">140529|||||||||||||||||     |||| 0|||| d</controlfield>
  <datafield tag="040" ind1=" " ind2=" ">
    <subfield code="a">AR-RoUNA</subfield>
    <subfield code="b">spa</subfield>
  </datafield>
  <datafield tag="041" ind1=" " ind2=" ">
    <subfield code="a">spa</subfield>
    <subfield code="a">eng</subfield>
  </datafield>
  <datafield tag="044" ind1=" " ind2=" ">
    <subfield code="a">ag</subfield>
  </datafield>
  <datafield tag="080" ind1=" " ind2=" ">
    <subfield code="a">72.036</subfield>
  </datafield>
  <datafield tag="245" ind1="1" ind2="3">
    <subfield code="a">On Dise&#xF1;o /</subfield>
    <subfield code="n">N&#xBA; 179</subfield>
  </datafield>
  <datafield tag="260" ind1=" " ind2=" ">
    <subfield code="a">Barcelona :</subfield>
    <subfield code="b">On Dise&#xF1;o,</subfield>
    <subfield code="c">1996</subfield>
  </datafield>
  <datafield tag="300" ind1=" " ind2=" ">
    <subfield code="a">167 p. :</subfield>
    <subfield code="b">dib.</subfield>
    <subfield code="b">fot. col.</subfield>
    <subfield code="b">plantas</subfield>
    <subfield code="c">29x24 cm</subfield>
  </datafield>
  <datafield tag="505" ind1="0" ind2=" ">
    <subfield code="t">DISE&#xD1;O</subfield>
  </datafield>
  <datafield tag="505" ind1="0" ind2=" ">
    <subfield code="a">Competici&#xF3; Paxau / La motocicleta de trial Gas Gas Contact JTX. p. 62</subfield>
  </datafield>
  <datafield tag="505" ind1="0" ind2=" ">
    <subfield code="t">ARQUITECTURA</subfield>
  </datafield>
  <datafield tag="505" ind1="0" ind2=" ">
    <subfield code="a">Isozaki Arata / Pabell&#xF3;n polideportivo  en Lalafolis. (Barcelona). p. 68</subfield>
  </datafield>
  <datafield tag="505" ind1="0" ind2=" ">
    <subfield code="t">NUEVAS APORTACIONES DEL DISE&#xD1;O OBJETUAL</subfield>
  </datafield>
  <datafield tag="505" ind1="0" ind2=" ">
    <subfield code="a">Mite, Dise&#xF1;o y Producci&#xF3;n/ Colgador L Ou. p. 88</subfield>
  </datafield>
  <datafield tag="505" ind1="0" ind2=" ">
    <subfield code="a">Tusquets Oscar. Rousselot Ricardo (Mobles 114) / Reloj Nautilus. p. 92</subfield>
  </datafield>
  <datafield tag="505" ind1="0" ind2=" ">
    <subfield code="a">Llusca Josep (Permasa) / Sistema Entrop&#xED;a. p. 95</subfield>
  </datafield>
  <datafield tag="505" ind1="0" ind2=" ">
    <subfield code="a">Samso Eduard (AMAT)/ Silla Biarritz. p. 99</subfield>
  </datafield>
  <datafield tag="505" ind1="0" ind2=" ">
    <subfield code="a">Bonet Victor. Vinardell Carles ( Disform)/ Estanter&#xED;a Augusta. p. 104</subfield>
  </datafield>
  <datafield tag="505" ind1="0" ind2=" ">
    <subfield code="a">Llevor&#xE9; y Asociados (Perobell)/ Programa de tapizados Metropolitanos. p. 108</subfield>
  </datafield>
  <datafield tag="505" ind1="0" ind2=" ">
    <subfield code="a">Gall&#xE9;n Vicente. Figuerola Sandra. Gall&#xE9;n Marisa / Alfombras Gandia Blasco. p. 114</subfield>
  </datafield>
  <datafield tag="505" ind1="0" ind2=" ">
    <subfield code="a">Ciganda Miguel Angel (Casas) / Sistemas Comp&#xE1;s. p . 118</subfield>
  </datafield>
  <datafield tag="505" ind1="0" ind2=" ">
    <subfield code="a">Diaz Silvia (La Mediterr&#xE1;nea)/ Colecciones Sabana y Flavia. p. 122</subfield>
  </datafield>
  <datafield tag="505" ind1="0" ind2=" ">
    <subfield code="a">Tresserra Jaime / Librer&#xED;a Pr&#xF3;logo. p. 126</subfield>
  </datafield>
  <datafield tag="505" ind1="0" ind2=" ">
    <subfield code="a">Duran Meritxell (Nani Marquina)/ Colecci&#xF3;n de alfombras La Granja. p. 130</subfield>
  </datafield>
  <datafield tag="505" ind1="0" ind2=" ">
    <subfield code="a">Ciganda Miguel &#xE1;ngel (Vaniux)/ L&#xE1;mpara Veroca. p. 134</subfield>
  </datafield>
  <datafield tag="505" ind1="0" ind2=" ">
    <subfield code="t">ESPACIO, DISE&#xD1;O Y ARQUITECTURA EN EL TEATRO CONTEMPOR&#xC1;NEO.</subfield>
  </datafield>
  <datafield tag="505" ind1="0" ind2=" ">
    <subfield code="a">Lluis Pau. Martorell Bohigas. Mackay y Moner Jeroni / Teatro Municipal de Banyoles. (Girna). p. 140</subfield>
  </datafield>
  <datafield tag="505" ind1="0" ind2=" ">
    <subfield code="a">Mariscal Javier / Escenograf&#xED;a y vestuario para El Retablo de Maese Pedro. p. 150</subfield>
  </datafield>
  <datafield tag="505" ind1="0" ind2=" ">
    <subfield code="a">La Fura del Baus / El espacio en Manes. p. 160</subfield>
  </datafield>
  <datafield tag="650" ind1=" " ind2=" ">
    <subfield code="a">Arquitectura contemporanea</subfield>
    <subfield code="9">12621</subfield>
  </datafield>
  <datafield tag="653" ind1=" " ind2=" ">
    <subfield code="a">Exposiciones</subfield>
  </datafield>
  <datafield tag="653" ind1=" " ind2=" ">
    <subfield code="a">Premios</subfield>
  </datafield>
  <datafield tag="700" ind1="1" ind2=" ">
    <subfield code="a">Llopis, Carme</subfield>
    <subfield code="e">drt</subfield>
    <subfield code="9">12622</subfield>
  </datafield>
  <datafield tag="773" ind1=" " ind2=" ">
    <subfield code="a">On Dise&#xF1;o</subfield>
    <subfield code="d">Barcelona, AramEdiciones S.A, 1996</subfield>
    <subfield code="g">N&#xBA;179( 1997). p.167</subfield>
    <subfield code="x">0210-2080</subfield>
  </datafield>
  <datafield tag="908" ind1=" " ind2=" ">
    <subfield code="a">Imp</subfield>
  </datafield>
  <datafield tag="942" ind1=" " ind2=" ">
    <subfield code="2">udc</subfield>
    <subfield code="c">ART</subfield>
  </datafield>
  <datafield tag="945" ind1=" " ind2=" ">
    <subfield code="a">MBP</subfield>
    <subfield code="d">2019-02-20</subfield>
  </datafield>
  <datafield tag="980" ind1=" " ind2=" ">
    <subfield code="8">6</subfield>
    <subfield code="g">Mirna Bonanno Potro</subfield>
    <subfield code="6">6</subfield>
    <subfield code="a">Mirna Bonanno Potro</subfield>
  </datafield>
  <datafield tag="999" ind1=" " ind2=" ">
    <subfield code="c">12118</subfield>
    <subfield code="d">12118</subfield>
  </datafield>
  <datafield tag="952" ind1=" " ind2=" ">
    <subfield code="0">0</subfield>
    <subfield code="1">0</subfield>
    <subfield code="2">udc</subfield>
    <subfield code="4">0</subfield>
    <subfield code="5">0</subfield>
    <subfield code="7">0</subfield>
    <subfield code="a">AR-RoUNA</subfield>
    <subfield code="b">AR-RoUNA</subfield>
    <subfield code="c">Heme</subfield>
    <subfield code="d">2025-09-15</subfield>
    <subfield code="e">Don</subfield>
    <subfield code="l">0</subfield>
    <subfield code="o">72.036</subfield>
    <subfield code="p">1002764</subfield>
    <subfield code="r">2025-09-15</subfield>
    <subfield code="t">ej. 1</subfield>
    <subfield code="w">2025-09-15</subfield>
    <subfield code="y">ART</subfield>
    <subfield code="k">K400</subfield>
    <subfield code="x"></subfield>
  </datafield>
</record>
